Allergy Cure: (Record no. 211416)
[ view plain ]
| 000 -LEADER | |
|---|---|
| fixed length control field | 00538nam a22001817a 4500 |
| 005 - DATE AND TIME OF LATEST TRANSACTION | |
| control field | 20250523162942.0 |
| 010 ## - LCCN (DPL NO) | |
| LC control number | ENG-144995 |
| 020 ## - INTERNATIONAL STANDARD BOOK NUMBER | |
| International Standard Book Number | 9789350578001 |
| Terms of availability | 195.00 |
| 035 ## - SYSTEM CONTROL NUMBER | |
| System control number | EN-128527 |
| 037 ## - SOURCE OF ACQUISITION | |
| Source of stock number/acquisition | DBAD |
| 082 ## - DEWEY DECIMAL CLASSIFICATION NUMBER | |
| Classification number | 616.97 |
| 100 ## - MAIN ENTRY--PERSONAL NAME | |
| Personal name | Sethi, A K |
| 245 ## - TITLE STATEMENT | |
| Title | Allergy Cure: |
| Remainder of title | The Natural Way/ |
| Statement of responsibility, etc | A K Sethi |
| 260 ## - PUBLICATION, DISTRIBUTION, ETC. (IMPRINT) | |
| Place of publication, distribution, etc | New Delhi |
| Name of publisher, distributor, etc | V&S Publishers |
| Date of publication, distribution, etc | 2017 |
| 270 ## - ADDRESS | |
| Address | F-2/16, Ansari road, Daryaganj, New Delhi |
| City | New Delhi |
| Postal code | 110002 |
| 300 ## - PHYSICAL DESCRIPTION | |
| Extent | 80p. |
| Other physical details | col.ill |
| Dimensions | 21cm(pb) |
| 942 ## - ADDED ENTRY ELEMENTS (KOHA) | |
| Source of classification or shelving scheme | Dewey Decimal Classification |
| Item type | English Books |
| Call number suffix | SET |
| Classification part | 616.97 |
| Withdrawn status | Lost status | Not for loan | Collection code | Home library | Current library | Date acquired | Source of acquisition | Cost, normal purchase price | Full call number | Barcode | Copy number | Cost, replacement price | Koha item type |
|---|---|---|---|---|---|---|---|---|---|---|---|---|---|
| Non-fiction | New Police Line | New Police Line | 23/05/2025 | Delivery of Books Act Division | 195.00 | SET 616.97 | EN-128527 | 1 | 195.00 | English Books |
